• 首页
  • 本馆介绍
  • 公告通知
  • 最新文献
  • 馆藏检索
  • 电子资源
  • 读者导购
  • 参考咨询
  • 我的图书馆
  • 登录
  • 详细信息显示
  • 放入我的书架
  • 预约/预借图书
  • 作者相关作品
  • 分类相关作品
  • 丛书相关作品
  • 出版社相关作品

书目信息

  • 表格格式
  • 工作单格式
  • 卡片格式
题名:
时间的旅行
    
 
作者: 格罗兹 著 ;胡继华 , 何磊 译
分册:  
出版信息: 郑州   河南大学出版社  2016.12
页数: 10,455页
开本: 19cm
丛书名: 人文科学译丛
单 册:
中图分类: B016.9-53
科图分类:
主题词: 时间哲学--文集
电子资源:
ISBN: 978-7-5649-2568-0
000 01322oam2 2200325 450
001 0120172150963
005 20170908091233.17
010    @a978-7-5649-2568-0@b精装@dCNY68.00
100    @a20170424d2016 em y0chiy50 ea
101 1  @achi@ceng
102    @aCN@b410000
105    @ay z 001yy
106    @ar
200 1  @a时间的旅行@9shi jian de lu^ xing@e女性主义,自然,权力@dTime travels@efeminism, nature, power@f(澳)伊丽莎白·格罗兹(Elizabeth Grosz)著@g胡继华,何磊译@zeng
205    @a2版
210    @a郑州@c河南大学出版社@d2016.12
215    @a10,455页@d19cm
225 2  @a人文科学译丛
330    @a本书汇集了格罗茨在跨越千禧年的8年期间所撰写的论文,表现出作者在学术研究中法国传统下典型的澳洲文化风格。这本文集以“时间”为中心,展开论证了“生成的本体论”,论题覆盖生命、主体、权力、性别差异、政治正义、女性肉体与身份、技术革命以及文化与自然等。
333    @a哲学研究者
461  0 @12001 @a人文科学译丛
510 1  @aTime travels@efeminism, nature, power@zeng
517 1  @a女性主义,自然,权力@9nv xing zhu yi , zi ran , quan li
606 0  @a时间哲学@j文集
690    @aB016.9-53@v5
701  0 @c(澳)@a格罗兹@9ge luo zi@c(Grosz, Elizabeth)@4著
702  0 @a胡继华@9hu ji hua@4译
702  0 @a何磊@9he lei@4译
801  0 @aCN@b人天书店@c20170424
905    @b994006-11@dB016.9-53@e280=2@f6
    
    时间的旅行:女性主义,自然,权力=Time travels:feminism, nature, power/(澳)伊丽莎白·格罗兹(Elizabeth Grosz)著/胡继华,何磊译.-2版.-郑州:河南大学出版社,2016.12
    10,455页;19cm.-(人文科学译丛)
    使用对象:哲学研究者
    
    ISBN 978-7-5649-2568-0(精装):CNY68.00
    本书汇集了格罗茨在跨越千禧年的8年期间所撰写的论文,表现出作者在学术研究中法国传统下典型的澳洲文化风格。这本文集以“时间”为中心,展开论证了“生成的本体论”,论题覆盖生命、主体、权力、性别差异、政治正义、女性肉体与身份、技术革命以及文化与自然等。
●
相关链接 在E读中查询图书 在五车中查询图书 在当当中查询图书 在豆瓣中查询图书


正题名:时间的旅行     索取号:B016.9-53/280=2         预约/预借

序号 登录号 条形码 馆藏地/架位号 状态 备注
1 994006   209940064   第一样本阅览室/ [索取号:B016.9-53/280=2] 在馆    
2 994007   209940073   第一借阅区/ [索取号:B016.9-53/280=2] 在馆    
3 994008   209940082   第一借阅区/ [索取号:B016.9-53/280=2] 在馆    
4 994009   209940091   密集书库-史法系/ [索取号:B016.9-53/280=2] 在馆    
5 994010   209940108   第一借阅区/ [索取号:B016.9-53/280=2] 在馆    
6 994011   209940117   第一借阅区/ [索取号:B016.9-53/280=2] 在馆    
唐山师范学院图书馆 欢迎您!
大连网信软件有限公司© 版权所有